Rastriya jiwan charit vinoba (Record no. 439850)

000 -LEADER
fixed length control field 00417cam a22001337a 4500
008 - FIXED-LENGTH DATA ELEMENTS--GENERAL INFORMATION
fixed length control field 180718b1995 xxu||||| |||| 00| 0 eng d
020 ## - INTERNATIONAL STANDARD BOOK NUMBER
International Standard Book Number 81 237 1180 8
100 ## - MAIN ENTRY--PERSONAL NAME
Personal name Deshpanday, Nirmala
245 ## - TITLE STATEMENT
Title Rastriya jiwan charit vinoba
Statement of responsibility, etc. by Nirmala Deshpanday translated by Sanker Gopal Nene
260 ## - PUBLICATION, DISTRIBUTION, ETC.
Place of publication, distribution, etc. India
Name of publisher, distributor, etc. National Book Trust
Date of publication, distribution, etc. 1995
300 ## - PHYSICAL DESCRIPTION
Extent 131
650 ## - SUBJECT ADDED ENTRY--TOPICAL TERM
Topical term or geographic name entry element Nationalgraphy-vinoba
700 ## - ADDED ENTRY--PERSONAL NAME
Personal name Nene, Sanker Gopal
Holdings
Withdrawn status Lost status Damaged status Not for loan Permanent Location Current Location Date acquired Barcode Date last seen Price effective from Koha item type
        Indian Institute of Public Administration Indian Institute of Public Administration 2010-05-05 72270 2018-07-21 2018-07-21 Book

Powered by Koha